[Event "DM G5 Grp1 2024"]
[Site "Svendborg"]
[Date "2024.03.26"]
[Round "4"]
[White "Yildiz, Hasan"]
[Black "Svendsen, Peter Willer"]
[Result "1-0"]
[WhiteElo "1955"]
[BlackElo "1898"]
[PlyCount "109"]
[WhiteFideId "1435086"]
[BlackFideId "1405250"]
[EventDate "2024.03.23"]
[EventType "swiss"]
[EventRounds "5"]
[EventCountry "DEN"]
[SourceTitle "Live v. Kasper Jerwiarz"]

1. Nf3 g6 2. c4 c5 3. Nc3 Nc6 4. g3 Bg7 5. Bg2 d6 
6. O-O Bf5 7. h3 Qd7 8. Kh2 h5 9. d3 Nd4 10. Nh4 Be6 
11. f4 Bf6 12. e3 Nf5 13. Nxf5 gxf5 14. Qf3 h4 15. Qxb7 Qxb7 
16. Bxb7 hxg3+ 17. Kxg3 Rb8 18. Bc6+ Bd7 19. Bg2 e6 20. Nb5 d5 
21. Nxa7 Rb7 22. Nb5 Bxb5 23. cxb5 Rxb5 24. Rb1 Ne7 25. b3 Nc6 
26. Bb2 Rg8+ 27. Kf2 Bh4+ 28. Kg1 Rg3 29. Rf3 Nb4 30. Rxg3 Bxg3 
31. a4 Rb7 32. d4 Nd3 33. Bc3 Kd7 34. Kf1 Kc6 35. Ke2 Nb4 
36. dxc5 Kxc5 37. Bd4+ Kd6 38. Bf6 Nc2 39. Kd2 Na3 40. Rb2 Rb4 
41. Bf1 Bf2 42. Bc3 Re4 43. Bd4 Rxd4+ 44. exd4 Bxd4 45. Ra2 Nb1+ 
46. Kd3 Bf6 47. Rc2 d4 48. Rc4 Nc3 49. Bg2 Nd1 50. Rxd4+ Bxd4 
51. Kxd4 Nf2 52. a5 Kc7 53. b4 f6 54. b5 Kb8 55. b6 1-0

[Event "DM G5 Grp1 2024"]
[Site "Svendborg"]
[Date "2024.03.26"]
[Round "4"]
[White "Oehlerich, Per"]
[Black "Stovring, Claus"]
[Result "1-0"]
[WhiteElo "1949"]
[BlackElo "2002"]
[PlyCount "217"]
[WhiteFideId "1408410"]
[BlackFideId "1406914"]
[EventDate "2024.03.23"]
[EventType "swiss"]
[EventRounds "5"]
[EventCountry "DEN"]
[SourceTitle "Live v. Kasper Jerwiarz"]

1. e4 e5 2. Nf3 Nf6 3. Nxe5 d6 4. Nf3 Nxe4 5. c4 Be7 
6. d4 O-O 7. Bd3 Nf6 8. O-O Bg4 9. h3 Bh5 10. Nc3 Nc6 
11. g4 Bg6 12. Bxg6 hxg6 13. Re1 Qd7 14. Bf4 Rfe8 15. d5 Na5 
16. b3 a6 17. Qd3 b6 18. b4 Nb7 19. Nd4 a5 20. a3 Nh7 
21. Ncb5 Bf6 22. Rad1 Ng5 23. Kg2 axb4 24. axb4 Ra2 25. Rxe8+ Qxe8 
26. Bxg5 Bxg5 27. Qb1 Qa8 28. Nc3 Rd2 29. Rxd2 Bxd2 30. Ne4 Bf4 
31. Nc6 Nd8 32. b5 Nxc6 33. bxc6 Qa3 34. Qc2 Be5 35. Nd2 Qc3 
36. Qxc3 Bxc3 37. Ne4 Bb4 38. Kf3 Kf8 39. Ke3 Ke7 40. Kd3 Be1 
41. Ke2 Bb4 42. f4 Ba5 43. Ng5 Bc3 44. Kd3 Bb2 45. Ke4 Bc1 
46. h4 Bd2 47. h5 gxh5 48. gxh5 Bc3 49. Kf5 Bb2 50. Ne4 Bd4 
51. Kg5 Be3 52. Ng3 Kf8 53. Nf5 Bc5 54. h6 gxh6+ 55. Kxh6 Ba3 
56. Kg5 Ke8 57. Ng3 Bc1 58. Ne4 Ke7 59. Kg4 Bb2 60. Kh5 Bd4 
61. f5 Bb2 62. Kh6 Bd4 63. Kh7 Bb2 64. Kg8 Bf6 65. Nxf6 Kxf6 
66. Kf8 Kxf5 67. Ke7 Ke5 68. Kd7 f5 69. Kxc7 f4 70. Kxb6 f3 
71. c7 f2 72. c8=Q f1=Q 73. Qe6+ Kd4 74. Qg4+ Ke5 75. Kc6 Qf2 
76. Qg7+ Ke4 77. Kxd6 Qb6+ 78. Ke7 Qc7+ 79. Kf8 Qxc4 80. d6 Qc8+ 
81. Ke7 Qb7+ 82. d7 Kf4 83. Qf6+ Kg3 84. Qe5+ Kg2 85. Ke8 Qc6 
86. Ke7 Qb7 87. Qe2+ Kg1 88. Qd1+ Kf2 89. Qd6 Qe4+ 90. Kf7 Qh7+ 
91. Ke8 Qe4+ 92. Qe7 Qc6 93. Kf8 Qh6+ 94. Qg7 Qd6+ 95. Ke8 Qc6 
96. Qf7+ Kg1 97. Qf5 Qa4 98. Ke7 Qb4+ 99. Kf7 Qc4+ 100. Kg7 Qd4+ 
101. Kg6 Qd6+ 102. Kh5 Qh2+ 103. Kg6 Qd6+ 104. Kg7 Qd4+ 105. Kg8 Qc4+ 
106. Qf7 Qc7 107. Qg6+ Kh1 108. Qh6+ Kg1 109. Qg5+ 1-0

[Event "DM G5 Grp1 2024"]
[Site "Svendborg"]
[Date "2024.03.26"]
[Round "4"]
[White "Christensen, Michael Leon"]
[Black "Jacobsen, Hans Endrup"]
[Result "0-1"]
[WhiteElo "1834"]
[BlackElo "1959"]
[PlyCount "58"]
[WhiteFideId "1446851"]
[BlackFideId "1406841"]
[EventDate "2024.03.23"]
[EventType "swiss"]
[EventRounds "5"]
[EventCountry "DEN"]
[SourceTitle "Live v. Kasper Jerwiarz"]

1. d4 Nf6 2. c4 e6 3. Nc3 d5 4. g3 c6 5. Bg2 Bd6 
6. Nf3 Nbd7 7. cxd5 exd5 8. O-O O-O 9. Qc2 Re8 10. Bd2 Nf8 
11. Rae1 Bc7 12. e4 dxe4 13. Nxe4 Bf5 14. Nxf6+ Qxf6 15. Rxe8 Rxe8 
16. Qc5 Bb6 17. Qc4 Be6 18. Qa4 Bd5 19. Ne5 Bxg2 20. Kxg2 Qd6 
21. Bc3 Qd5+ 22. Kg1 Ne6 23. Nd3 Ng5 24. Nf4 Nf3+ 25. Kg2 Qe4 
26. Kh3 Ng5+ 27. Kg4 h5+ 28. Kxh5 Qf5 29. Qb4 Nf3# 0-1

[Event "DM G5 Grp1 2024"]
[Site "Svendborg"]
[Date "2024.03.26"]
[Round "4"]
[White "Lauritsen, Niels"]
[Black "Hansen, Allan Hallgren"]
[Result "1-0"]
[WhiteElo "1973"]
[BlackElo "1733"]
[PlyCount "53"]
[WhiteFideId "1404474"]
[BlackFideId "1440888"]
[EventDate "2024.03.23"]
[EventType "swiss"]
[EventRounds "5"]
[EventCountry "DEN"]
[SourceTitle "Live v. Kasper Jerwiarz"]

1. d4 d5 2. Nc3 Nf6 3. Bg5 e6 4. e4 dxe4 5. Nxe4 Be7 
6. Nxf6+ Bxf6 7. Bxf6 Qxf6 8. Nf3 O-O 9. Bd3 Rd8 10. O-O b6 
11. Be4 c6 12. c3 Bb7 13. Ne5 h6 14. Re1 Rd6 15. Re3 Nd7 
16. Nc4 Qe7 17. Nxd6 Qxd6 18. Rg3 Nf6 19. Qf3 Nxe4 20. Qxe4 Rd8 
21. Re1 Qd5 22. Qxd5 Rxd5 23. Re5 Rxe5 24. dxe5 c5 25. Rd3 a6 
26. Rd6 b5 27. Rb6 1-0

[Event "DM G5 Grp1 2024"]
[Site "Svendborg"]
[Date "2024.03.26"]
[Round "4"]
[White "Skaerved, Mattias"]
[Black "Poulsen, Albert Damgaard"]
[Result "0-1"]
[WhiteElo "1678"]
[BlackElo "1707"]
[PlyCount "48"]
[WhiteFideId "1461958"]
[BlackFideId "1478613"]
[EventDate "2024.03.23"]
[EventType "swiss"]
[EventRounds "5"]
[EventCountry "DEN"]
[SourceTitle "Live v. Kasper Jerwiarz"]

1. d4 d5 2. Bf4 Nf6 3. e3 c5 4. c3 Nc6 5. Bd3 Qb6 
6. Qb3 c4 7. Qxb6 axb6 8. Bc2 b5 9. a3 b4 10. Nf3 b3 
11. Bd1 h6 12. Nbd2 Bf5 13. h3 b5 14. Ne5 Nxe5 15. Bxe5 Nd7 
16. Nf3 Nb6 17. Kd2 e6 18. Be2 Na4 19. Kc1 Nxc3 20. Bd1 Na2+ 
21. Kd2 c3+ 22. Ke2 cxb2 23. Bxb3 bxa1=Q 24. Rxa1 Nc3+ 0-1

[Event "DM G5 Grp1 2024"]
[Site "Svendborg"]
[Date "2024.03.26"]
[Round "4"]
[White "Skytte, Robert"]
[Black "Velarde, Andrew"]
[Result "1-0"]
[WhiteElo "1744"]
[BlackElo "1826"]
[PlyCount "69"]
[WhiteFideId "1471775"]
[BlackFideId "1435132"]
[EventDate "2024.03.23"]
[EventType "swiss"]
[EventRounds "5"]
[EventCountry "DEN"]
[SourceTitle "Live v. Kasper Jerwiarz"]

1. e4 d5 2. exd5 Nf6 3. d4 Nxd5 4. c4 Nf6 5. Nf3 c6 
6. Nc3 Bf5 7. Be2 e6 8. O-O Bd6 9. Bg5 Nbd7 10. d5 exd5 
11. cxd5 Qc7 12. dxc6 bxc6 13. h3 a6 14. Bxa6 O-O 15. Bd3 Bg6 
16. Bxg6 fxg6 17. Rc1 Ra5 18. b4 Rf5 19. Nd4 Re5 20. Bf4 Rfe8 
21. Bxe5 Bxe5 22. Qb3+ Kh8 23. Nf3 Bf4 24. Rce1 Ne5 25. Nxe5 Bxe5 
26. Re2 Rf8 27. Rfe1 Bd6 28. Ne4 Nxe4 29. Rxe4 h5 30. Re8 Rxe8 
31. Rxe8+ Kh7 32. h4 g5 33. Qd3+ g6 34. Qd4 Be5 35. Qxe5 1-0

[Event "DM G5 Grp1 2024"]
[Site "Svendborg"]
[Date "2024.03.26"]
[Round "4"]
[White "Dithlevsen, Birgit"]
[Black "Rasmussen, Erling"]
[Result "0-1"]
[WhiteElo "1668"]
[BlackElo "1785"]
[PlyCount "88"]
[WhiteFideId "1413201"]
[BlackFideId "1408780"]
[EventDate "2024.03.23"]
[EventType "swiss"]
[EventRounds "5"]
[EventCountry "DEN"]
[SourceTitle "Live v. Kasper Jerwiarz"]

1. e4 e5 2. Bc4 Nf6 3. d3 Bc5 4. Nf3 Nc6 5. c3 d5 
6. exd5 Nxd5 7. O-O O-O 8. b4 Be7 9. h3 Bf6 10. Bb2 Nf4 
11. a3 Be6 12. Bxe6 fxe6 13. d4 e4 14. Nfd2 Qd5 15. c4 Qg5 
16. Qg4 Qxg4 17. hxg4 Nxd4 18. Ra2 Nde2+ 19. Kh2 Bxb2 20. Rxb2 Nd3 
21. Rb3 Nxf2 22. Nc3 Nxg4+ 23. Kh3 Nf2+ 24. Kh2 Ng4+ 25. Kh3 Nf2+ 
26. Kh2 Nd3 27. Rxf8+ Rxf8 28. Nxe2 Rf2 29. Ng3 Rxd2 30. Nxe4 Rd1 
31. Kg3 e5 32. Nc3 Rf1 33. Nb5 e4 34. Nxc7 e3 35. Rxd3 e2 
36. Rd8+ Kf7 37. Rd7+ Kg6 38. Rd6+ Kf5 39. Rd5+ Ke4 40. Kg4 e1=Q 
41. Ne6 Qe2+ 42. Kh3 Rh1+ 43. Kg3 Qe1+ 44. Kg4 Qh4# 0-1

[Event "DM G5 Grp1 2024"]
[Site "Svendborg"]
[Date "2024.03.26"]
[Round "4"]
[White "Jakobsen, Alex"]
[Black "Hansen,  Anders"]
[Result "0-1"]
[WhiteElo "1651"]
[BlackElo "1673"]
[PlyCount "58"]
[WhiteFideId "1480790"]
[BlackFideId "1711237"]
[EventDate "2024.03.23"]
[EventType "swiss"]
[EventRounds "5"]
[EventCountry "DEN"]
[SourceTitle "Live v. Kasper Jerwiarz"]

1. e4 c5 2. Bc4 e6 3. e5 Nc6 4. Nf3 Qc7 5. Qe2 a6 
6. a4 Nd4 7. Nxd4 cxd4 8. d3 b6 9. O-O Bb7 10. Bf4 Ne7 
11. Nd2 Ng6 12. Bg3 Be7 13. Nf3 h5 14. h3 Qc6 15. Rfe1 Nh4 
16. Bxh4 Bxh4 17. Qf1 Be7 18. Nxd4 Qc7 19. Re2 g5 20. Re3 O-O-O 
21. Rae1 g4 22. Kh2 f5 23. f3 f4 24. R3e2 Bh4 25. Ra1 Rh6 
26. fxg4 Bg3+ 27. Kg1 hxg4 28. Nxe6 dxe6 29. hxg4 Qc5+ 0-1

[Event "DM G5 Grp1 2024"]
[Site "Svendborg"]
[Date "2024.03.27"]
[Round "5"]
[White "Yildiz, Hasan"]
[Black "Oehlerich, Per"]
[Result "1-0"]
[WhiteElo "1955"]
[BlackElo "1949"]
[PlyCount "55"]
[WhiteFideId "1435086"]
[BlackFideId "1408410"]
[EventDate "2024.03.23"]
[EventType "swiss"]
[EventRounds "5"]
[EventCountry "DEN"]
[SourceTitle "Live v. Kasper Jerwiarz"]

1. Nf3 d6 2. g3 Nf6 3. Bg2 e5 4. d3 c6 5. O-O Nbd7 
6. c4 Qc7 7. Nc3 Be7 8. h3 h6 9. b3 Nf8 10. Bb2 g5 
11. Nd2 Ng6 12. e3 Be6 13. d4 a6 14. d5 Bd7 15. Rc1 c5 
16. a3 Kf8 17. f4 gxf4 18. exf4 exf4 19. Nce4 Nxe4 20. Nxe4 Rg8 
21. Qh5 f5 22. Qxh6+ Kf7 23. Qh7+ Kf8 24. Nf6 Bxf6 25. Bxf6 Re8 
26. Rce1 Qc8 27. gxf4 Nxf4 28. Be7+ 1-0

[Event "DM G5 Grp1 2024"]
[Site "Svendborg"]
[Date "2024.03.27"]
[Round "5"]
[White "Jacobsen, Hans Endrup"]
[Black "Lauritsen, Niels"]
[Result "1/2-1/2"]
[WhiteElo "1959"]
[BlackElo "1973"]
[PlyCount "86"]
[WhiteFideId "1406841"]
[BlackFideId "1404474"]
[EventDate "2024.03.23"]
[EventType "swiss"]
[EventRounds "5"]
[EventCountry "DEN"]
[SourceTitle "Live v. Kasper Jerwiarz"]

1. e4 Nc6 2. d4 d5 3. e5 f6 4. Bb5 a6 5. Bxc6+ bxc6 
6. Nf3 Bg4 7. h3 Bxf3 8. Qxf3 e6 9. O-O f5 10. Be3 Qh4 
11. Nc3 Nh6 12. Qg3 Qxg3 13. fxg3 Nf7 14. g4 g6 15. Ne2 Rg8 
16. Nf4 Bh6 17. Rae1 Bxf4 18. Bxf4 Ke7 19. Bd2 Rab8 20. b3 Rg7 
21. Rf3 h5 22. Rc3 Kd7 23. a4 hxg4 24. hxg4 Rh8 25. Rh3 Rgh7 
26. Rxh7 Rxh7 27. gxf5 gxf5 28. g3 Rg7 29. Kg2 Rg4 30. c3 Nh8 
31. Rh1 Ng6 32. Rh7+ Kc8 33. Kf3 c5 34. Bf4 cxd4 35. cxd4 Kd8 
36. Rh1 Kc8 37. Rc1 Kb7 38. b4 Ne7 39. Rb1 Rg8 40. b5 axb5 
41. Rxb5+ Ka7 42. Ra5+ Kb7 43. Rb5+ Ka7 1/2-1/2

[Event "DM G5 Grp1 2024"]
[Site "Svendborg"]
[Date "2024.03.27"]
[Round "5"]
[White "Svendsen, Peter Willer"]
[Black "Skytte, Robert"]
[Result "1/2-1/2"]
[WhiteElo "1898"]
[BlackElo "1744"]
[PlyCount "42"]
[WhiteFideId "1405250"]
[BlackFideId "1471775"]
[EventDate "2024.03.23"]
[EventType "swiss"]
[EventRounds "5"]
[EventCountry "DEN"]
[SourceTitle "Live v. Kasper Jerwiarz"]

1. e4 c5 2. Nf3 Nc6 3. Bb5 e5 4. O-O Bd6 5. c3 a6 
6. Ba4 b5 7. Bc2 Nf6 8. d4 cxd4 9. cxd4 h6 10. Nc3 O-O 
11. dxe5 Bxe5 12. Nxe5 Nxe5 13. h3 Bb7 14. f4 Qb6+ 15. Kh1 Nc4 
16. Qd3 Rfe8 17. b3 Nxe4 18. bxc4 bxc4 19. Qf3 Nd2 20. Qf2 Qxf2 
21. Rxf2 Re1+ 1/2-1/2

[Event "DM G5 Grp1 2024"]
[Site "Svendborg"]
[Date "2024.03.27"]
[Round "5"]
[White "Stovring, Claus"]
[Black "Poulsen, Albert Damgaard"]
[Result "1/2-1/2"]
[WhiteElo "2002"]
[BlackElo "1707"]
[PlyCount "87"]
[WhiteFideId "1406914"]
[BlackFideId "1478613"]
[EventDate "2024.03.23"]
[EventType "swiss"]
[EventRounds "5"]
[EventCountry "DEN"]
[SourceTitle "Live v. Kasper Jerwiarz"]

1. e4 c5 2. Nf3 g6 3. g3 Bg7 4. Bg2 Nc6 5. O-O d6 
6. c3 e5 7. Re1 Nge7 8. d3 O-O 9. Be3 f5 10. Qb3+ Kh8 
11. Ng5 Qe8 12. f4 h6 13. Ne6 Na5 14. Nxg7 Nxb3 15. Nxe8 Nxa1 
16. Na3 Rxe8 17. Rxa1 Rd8 18. Nc4 Nc6 19. fxe5 dxe5 20. Bxh6 Rxd3 
21. Bf1 Rd7 22. Bg5 Kg7 23. Ne3 Ne7 24. Bb5 Rc7 25. Bc4 b5 
26. Bxb5 Rb8 27. Bd3 fxe4 28. Bc4 Rxb2 29. Rf1 Nf5 30. Nd5 Rc6 
31. g4 Nd6 32. Bf6+ Kh7 33. Bb3 Bxg4 34. Bxe5 Bf3 35. Re1 Ne8 
36. Ne7 Rb6 37. Bg8+ Kh6 38. Bf7 Rb1 39. Rxb1 Rxb1+ 40. Kf2 Rb2+ 
41. Kg3 Ng7 42. Ng8+ Kh7 43. Nf6+ Kh6 44. Ng8+ 1/2-1/2

[Event "DM G5 Grp1 2024"]
[Site "Svendborg"]
[Date "2024.03.27"]
[Round "5"]
[White "Rasmussen, Erling"]
[Black "Christensen, Michael Leon"]
[Result "1-0"]
[WhiteElo "1785"]
[BlackElo "1834"]
[PlyCount "77"]
[WhiteFideId "1408780"]
[BlackFideId "1446851"]
[EventDate "2024.03.23"]
[EventType "swiss"]
[EventRounds "5"]
[EventCountry "DEN"]
[SourceTitle "Live v. Kasper Jerwiarz"]

1. e4 c5 2. d4 cxd4 3. c3 dxc3 4. Nxc3 g6 5. Nf3 Bg7 
6. Bc4 e6 7. Bf4 a6 8. Bd6 b5 9. Bd3 Bb7 10. O-O Qb6 
11. e5 Nc6 12. Ne4 f5 13. Bc5 Qc7 14. Nd6+ Kd8 15. Nf7+ Ke8 
16. Bd6 Qb6 17. Nxh8 Bxh8 18. Rc1 Nh6 19. Qd2 Nf7 20. Rfe1 Ncxe5 
21. Bxe5 Bxf3 22. Bxh8 Nxh8 23. gxf3 Nf7 24. Qc3 Ke7 25. Qc5+ Qd6 
26. Qxd6+ Nxd6 27. Rc7 Ne8 28. Rc3 Nf6 29. Rc5 Nd5 30. Rxd5 Rc8 
31. Re2 d6 32. Rd4 e5 33. Rh4 h5 34. Rc2 Rh8 35. Rb4 d5 
36. Rc6 g5 37. Rxa6 Rc8 38. Rxb5 Rc1+ 39. Kg2 1-0

[Event "DM G5 Grp1 2024"]
[Site "Svendborg"]
[Date "2024.03.27"]
[Round "5"]
[White "Velarde, Andrew"]
[Black "Skaerved, Mattias"]
[Result "1-0"]
[WhiteElo "1826"]
[BlackElo "1678"]
[PlyCount "75"]
[WhiteFideId "1435132"]
[BlackFideId "1461958"]
[EventDate "2024.03.23"]
[EventType "swiss"]
[EventRounds "5"]
[EventCountry "DEN"]
[SourceTitle "Live v. Kasper Jerwiarz"]

1. e4 c6 2. d4 d5 3. exd5 cxd5 4. Bd3 Nf6 5. h3 g6 
6. c3 Bg7 7. Bf4 O-O 8. Nd2 Qb6 9. Qc2 Qe6+ 10. Ne2 Nc6 
11. O-O a6 12. a4 a5 13. Rfe1 Na7 14. Nc1 Qc6 15. Rxe7 Be6 
16. Qb3 b6 17. Rc7 Qe8 18. Qxb6 Nc8 19. Qb3 Nh5 20. Ne2 Bf5 
21. Bb5 Rb8 22. Qd1 Rxb5 23. axb5 Bd3 24. Be3 Qxb5 25. Nc1 Qb6 
26. Rc5 Be4 27. Ncb3 f5 28. Rcxa5 f4 29. Nxe4 fxe3 30. Ra6 exf2+ 
31. Nxf2 Qd8 32. Qg4 Rf4 33. Qe6+ Kh8 34. Ra8 Rf8 35. Qg4 Rf4 
36. Rxc8 Rxg4 37. Rxd8+ Bf8 38. hxg4 1-0

[Event "DM G5 Grp1 2024"]
[Site "Svendborg"]
[Date "2024.03.27"]
[Round "5"]
[White "Hansen, Allan Hallgren"]
[Black "Jakobsen, Alex"]
[Result "1/2-1/2"]
[WhiteElo "1733"]
[BlackElo "1651"]
[PlyCount "53"]
[WhiteFideId "1440888"]
[BlackFideId "1480790"]
[EventDate "2024.03.23"]
[EventType "swiss"]
[EventRounds "5"]
[EventCountry "DEN"]
[SourceTitle "Live v. Kasper Jerwiarz"]

1. d4 d5 2. c4 e6 3. Nc3 Nf6 4. Nf3 c6 5. e3 b6 
6. Be2 Ba6 7. cxd5 Bxe2 8. Qxe2 cxd5 9. a3 Bd6 10. O-O a6 
11. b4 O-O 12. Bb2 Nbd7 13. Rac1 Re8 14. Rfd1 b5 15. h3 Nb6 
16. Ne5 Rc8 17. Nd3 Nc4 18. Nc5 Rc6 19. a4 Rb6 20. axb5 axb5 
21. Ra1 Bc7 22. Ra2 Qd6 23. g3 h5 24. h4 Ng4 25. Bc1 e5 
26. dxe5 Rxe5 27. Ra8+ 1/2-1/2

[Event "DM G5 Grp1 2024"]
[Site "Svendborg"]
[Date "2024.03.27"]
[Round "5"]
[White "Hansen,  Anders"]
[Black "Dithlevsen, Birgit"]
[Result "1-0"]
[WhiteElo "1673"]
[BlackElo "1668"]
[PlyCount "93"]
[WhiteFideId "1711237"]
[BlackFideId "1413201"]
[EventDate "2024.03.23"]
[EventType "swiss"]
[EventRounds "5"]
[EventCountry "DEN"]
[SourceTitle "Live v. Kasper Jerwiarz"]

1. b3 d5 2. Bb2 Nc6 3. e3 Bf5 4. Nf3 Nf6 5. Be2 e6 
6. O-O Bd6 7. d3 O-O 8. Nbd2 h6 9. c4 Nb4 10. Bxf6 Qxf6 
11. e4 Bg6 12. a3 Nc6 13. b4 b6 14. cxd5 exd5 15. exd5 Nd4 
16. Ne4 Nxf3+ 17. Bxf3 Bxe4 18. dxe4 Qe5 19. g3 f5 20. exf5 Rxf5 
21. Bg4 Rf6 22. Ra2 Raf8 23. Rd2 a5 24. Re1 Qg5 25. h4 Qg6 
26. Bh5 Qh7 27. Re6 Qf5 28. Rxf6 Qxf6 29. bxa5 bxa5 30. a4 Bc5 
31. Qe2 Kh8 32. Kg2 Qd8 33. Bf3 Qf6 34. Rc2 Bd6 35. Rd2 Qd8 
36. Qd3 Bb4 37. Rc2 c5 38. Rc4 Qd7 39. Bd1 Rf5 40. d6 Rf6 
41. Bc2 g6 42. Qe3 Rxd6 43. Qxh6+ Qh7 44. Qf8+ Qg8 45. Qxd6 Qxc4 
46. Qxg6 Qg8 47. Qh6+ 1-0